Villes de France par image aérienne - Statistiques

Statistiques générales
  • Ce quiz a été pris 233 fois
  • Le résultat moyen est 9 sur 21
Statistiques - réponses
Par images Réponse % Correct
Paris
88%
Nîmes
83%
Grenoble
72%
Marseille
62%
La Rochelle
61%
Lille
57%
Toulouse
53%
Bordeaux
51%
Lyon
51%
Angers
45%
Nancy
44%
Le Havre
38%
Strasbourg
37%
Saint-Malo
32%
Tours
32%
Biarritz
29%
Nantes
28%
Amiens
26%
Besançon
24%
Brest
17%
Perpignan
9%
Aucun quiz correspondant
Distribution des résultats
% des personnes avec chaque résultat
Percentile par nombre de réponses
Votre historique - résultats
Vous n’avez pas pris ce quiz